<?xml version="1.0" encoding="UTF-8"?><OAI-PMH xmlns="http://www.openarchives.org/OAI/2.0/" xmlns:xsi="http://www.w3.org/2001/XMLSchema-instance"     xsi:schemaLocation="http://www.openarchives.org/OAI/2.0/ http://www.openarchives.org/OAI/2.0/OAI-PMH.xsd"><responseDate>2026-05-16T17:42:12Z</responseDate><request verb="GetRecord" identifier="oai:regmurcia.com:fintegr.551" metadataPrefix="marc21">http://oai.regmurcia.com/oai2/oai2.php</request><GetRecord><record><header><identifier>oai:regmurcia.com:fintegr.551</identifier><datestamp>2026-05-16</datestamp><setSpec>documentos</setSpec></header><metadata><record  xmlns="http://www.loc.gov/MARC21/slim" xmlns:xsi="http://www.w3.org/2001/XMLSchema-instance" xsi:schemaLocation="http://www.loc.gov/MARC21/slim http://www.loc.gov/standards/marcxml/schema/MARC21slim.xsd" type="Bibliographic"><leader>00000nam a2200000   4500</leader><controlfield tag="001" >005074732</controlfield><controlfield tag="003" >551</controlfield><controlfield tag="004" >A00000000</controlfield><datafield tag="245" ind1=" " ind2=" "><subfield code="a">Carta de pago por la venta de unas casas otorgada por Bernal Ermengol y su esposa Enebra a Pedro de Puxmarín</subfield></datafield><datafield tag="300" ind1=" " ind2=" "><subfield code="c">530 x 395 mm.</subfield></datafield><datafield tag="351" ind1=" " ind2=" "><subfield code="a">Unidad Documental simple</subfield><subfield code="c">Archivo de Murcia. Array</subfield><subfield code="a">Unidad Documental simple</subfield><subfield code="c">Archivo de Murcia. Array</subfield></datafield><datafield tag="351" ind1=" " ind2=" "><subfield code="b">Nº 111 (II)</subfield></datafield><datafield tag="506" ind1=" " ind2=" "><subfield code="a">Acceso restringido</subfield></datafield><datafield tag="510" ind1=" " ind2=" "><subfield code="a">Pub. GARCÍA DÍAZ, ISABEL. Documentos del siglo XIV (4). Archivo de la Catedral de Murcia. Murcia:  Academia Alfonso X El Sabio, 1.989, p. 156</subfield></datafield><datafield tag="520" ind1=" " ind2=" "><subfield code="a">Bernal Ermengol, notario, y su esposa Enebra otorgan carta de pago por la venta de unas casas en San Nicolás a don Pedro de Puxmarín, deán de la Iglesia de Cartagena</subfield></datafield><datafield tag="583" ind1=" " ind2=" "><subfield code="u">http://www.regmurcia.com/servlet/s.Sl?METHOD=VERDOCUMENTO&amp;sit=serv,Carmesi&amp;n=/01/2080/indice.djvu</subfield></datafield><datafield tag="592" ind1=" " ind2=" "><subfield code="a">1389-10-14</subfield></datafield><datafield tag="592" ind1=" " ind2=" "><subfield code="d">1389-10-14 00:00:00</subfield></datafield><datafield tag="651" ind1=" " ind2=" "><subfield code="a">Murcia</subfield></datafield><datafield tag="786" ind1=" " ind2=" "><subfield code="o">http://www.regmurcia.com/servlet/s.Sl?METHOD=VERDOCUMENTO&amp;sit=serv,Carmesi&amp;n=/01/2080/indice.djvu</subfield></datafield><datafield tag="856" ind1=" " ind2=" "><subfield code="u">http://www.regmurcia.com/servlet/s.Sl?METHOD=DETALLE&amp;sit=c,373,m,139,serv,Carmesi&amp;id=551</subfield></datafield></record></metadata></record></GetRecord></OAI-PMH>
